Normal view
MARC view
- Rozán, José E.
Entry Nombre Personal
001 - NUMERO DE CONTROL
- campo de control: 43865
003 - IDENTIFICADOR DE NUMERO DE CONTROL
- campo de control: MX-MxUPN
005 - FECHA Y HORA DE LA ÜLTIMA TRANSACCIÓN
- campo de control: 20220302121050.0
008 - DATOS DE LONGITUD FIJA
- campo de control de longitud fija: 220302|| aca||aabn | a|a d
040 ## - FUENTE DE CATALOGACIÓN
- Agencia original de catalogación: MX-MxUPN
- Lenguaje de catalogación: spa
- Agencia de transcripción: MX-MxUPN
100 1# - ENCABEZAMIENTO - NOMBRE PERSONAL
- Nombre personal: Rozán, José E.
400 1# - VEÁSE - NOMBRE DE PERSONA
- Personal name: Rozán, J.E.
670 ## - FUENTE EN LA QUE SE LOCALIZARON DATOS
- Cita de la fuente: Aritmética y nociones de geometría :segundo libro, 1995:
- Información localizada: portada (J.E. Rozán) cubierta (José E. Rozán)
902 ## - CATALOGADOR
- Catalogador: VRC/020322
